NCT2018 Members - Statistics

General Stats
  • This quiz has been taken 325 times
  • The average score is 17 of 18
Answer Stats
# Answer % Correct
1 Taeyong
99%
6 Mark
98%
7 Haechan
97%
15 Johnny
97%
8 Yuta
97%
10 Doyoung
95%
17 Lucas
95%
12 Taeil
95%
2 Jaehyun
94%
5 Jaemin
94%
11 Jeno
94%
3 Jisung
94%
14 Chenle
93%
16 Jungwoo
93%
4 Ten
93%
9 WINWIN
92%
13 Renjun
91%
18 Kun
89%
No matching quizzes found
Score Distribution
Percent of People with Each Score
Percentile by Number Answered
Your Score History
You have not taken this quiz